000 01267pam a2200373 i 4500
001 data
005 20260322212102.0
008 data
035 _a1273667
906 _a7
_bcbc
_corignew
_d1
_eocip
_f19
_gy-gencatlg
010 _a 75043614
020 _a007017010X
035 _9(DLC) 75043614
040 _aDLC
_cDLC
_dDLC
050 0 0 _aRM300
_b.B29
060 _aQV4 D596b
082 0 0 _a615/.7
245 0 0 _aBasic pharmacology in medicine /
_cJoseph R. DiPalma, editor, Richard G. Sample, editorial coordinator, contributing editors, Benjamin Calesnick ... [et al.].
260 _aNew York :
_bMcGraw-Hill,
_cc1976.
300 _axii, 420 p. :
_bill. ;
_c24 cm.
336 _atext
_btxt
_2rdacontent
337 _aunmediated
_bn
_2rdamedia
338 _avolume
_bnc
_2rdacarrier
500 _a"A Blakiston publication."
500 _aBased on the 4th ed. of V. A. Drill's Pharmacology in medicine.
500 _aIncludes index.
504 _aBibliography: p. 397-406.
650 0 _aPharmacology.
650 2 _aPharmacology.
700 1 _aDiPalma, Joseph R.
700 1 _aDrill, Victor Alexander,
_d1916-
_eed.
_tPharmacology in medicine.
991 _bc-GenColl
_hRM300
_i.B29
_tCopy 1
_wBOOKS
999 _c1483
_d1483